00406nam a22001337a 450000500170000000800410001704100120005808200130007010000120008324500370009526000860013230000290021865000250024720240820101935.0240820b |||||||| |||| 00| 0 eng d aEnglish a349 LAW  lEnglish aThe Law Reports: Family Division aLondon: bThe Incorporated Council of Law Reporting for England and Wales, c1991 bxv, 164 pages; c25 cm.  aLegal practice bLaw